AutoCAD version 2.17 : user's manual and reference manual

Bibliographic Details
Corporate Author: Autodesk, Inc
Format: Book
Published: [s. l.] : Autodesk , c1985
Subjects:

MARC

LEADER 00000cam a2200000 7i4500
001 0000003931
005 20041227093000.0
008 021118s1985
090 0 0 |a T357   |b .A9 
110 2 |a Autodesk, Inc. 
245 1 0 |a AutoCAD version 2.17 :   |b user's manual and reference manual 
260 2 |a [s. l.] :   |b Autodesk ,   |c c1985 
300 |a 1 v. (various pagings) ;   |c 22 cm. 
504 |a Includes index 
630 0 0 |a AutoCAD (Computer file) 
650 0 |a Mechanical drawing   |x Computer programme 
999 |a 1000032923   |b Book   |c OPEN SHELF (30 DAYS)   |e Gong Badak Campus